Skip to main content
Your cart is empty.
Your lists
Log in to create your own lists
Your cookies
العربية
English
العربية
Home
Search
Advanced search
Authority search
About
The noble scholar, jurist, historian
His Excellency Dr. Abdul Wahhab bin Ibrahim Abu Sulaiman, may Allah have mercy on him.
He was born in Umm Al-Qura in the year 1356 AH.
Library catalog
Title
Author
Subject
ISBN
ISSN
Series
Call number
Log in to your account
×
Login:
Password:
Home
MARC view: نقوش إسلامية شاهدية بمكتبة الملك فهد الوطنية :
Normal view
MARC view
ISBD view
نقوش إسلامية شاهدية بمكتبة الملك فهد الوطنية : (Record no. 10178)
[
view plain
]
MARC details
000 -LEADER
fixed length control field
01545cam a22002891i 4500
003 - CONTROL NUMBER IDENTIFIER
control field
SA-RiAUC
005 - DATE AND TIME OF LATEST TRANSACTION
control field
20250722064318.0
008 - FIXED-LENGTH DATA ELEMENTS--GENERAL INFORMATION
fixed length control field
250721s1999 su abf f b f00000 ara c
020 ## - INTERNATIONAL STANDARD BOOK NUMBER
International Standard Book Number
9960001342
040 ## - CATALOGING SOURCE
Original cataloging agency
SA-JeALM
Language of cataloging
ara
Transcribing agency
SA-RiAUC
Description conventions
rda
043 ## - GEOGRAPHIC AREA CODE
Geographic area code
a-su---
050 #4 - LIBRARY OF CONGRESS CALL NUMBER
Item number
B87 1999
082 04 - DEWEY DECIMAL CLASSIFICATION NUMBER
Classification number
729.1909531
Assigning agency
SA-RiAUC
090 ## - LOCALLY ASSIGNED LC-TYPE CALL NUMBER (OCLC); LOCAL CALL NUMBER (RLIN)
Classification number (OCLC) (R) ; Classification number, CALL (RLIN) (NR)
729.1909531
Local cutter number (OCLC) ; Book number/undivided call number, CALL (RLIN)
ب ق م
100 1# - MAIN ENTRY--PERSONAL NAME
Personal name
البقمي، موضي بنت محمد بن علي
Relator term
مؤلف.
245 10 - TITLE STATEMENT
Title
نقوش إسلامية شاهدية بمكتبة الملك فهد الوطنية :
Remainder of title
دراسة في خصائصها الفنية وتحليل مضامينها /
Statement of responsibility, etc.
موضي بنت محمد بن علي البقمي.
264 #1 - PRODUCTION, PUBLICATION, DISTRIBUTION, MANUFACTURE, AND COPYRIGHT NOTICE
Place of production, publication, distribution, manufacture
الرياض :
Name of producer, publisher, distributor, manufacturer
مكتبة الملك فهد الوطنية،
Date of production, publication, distribution, manufacture, or copyright notice
1999
300 ## - PHYSICAL DESCRIPTION
Extent
275 صفحة :
Other physical details
جداول، خرائط، لوحات ؛
Dimensions
24 سم
337 ## - MEDIA TYPE
Media type term
بدون وسيط
Media type code
n
Source
rdamedia
338 ## - CARRIER TYPE
Carrier type term
مجلد
Carrier type code
nc
Source
rdacarrier
520 2# - SUMMARY, ETC.
Summary, etc.
يتناول هذا الكتاب بالدراسة والتحليل 16 شاهدا من شواهد القبور الإسلامية تحتفظ بها مكتبة الملك فهد الوطنية ضمن ما يحتفظ به من كنوز علمية وآثرية في القاعة الخاصة بمتحف المكتبة.
610 27 - SUBJECT ADDED ENTRY--CORPORATE NAME
Corporate name or jurisdiction name as entry element
مكتبة الملك فهد الوطنية
Source of heading or term
aucnm
650 #7 - SUBJECT ADDED ENTRY--TOPICAL TERM
Topical term or geographic name entry element
النقوش الإسلامية
Geographic subdivision
السعودية
Source of heading or term
aucsh
651 #7 - SUBJECT ADDED ENTRY--GEOGRAPHIC NAME
Geographic name
السعودية
General subdivision
آثار إسلامية
Source of heading or term
aucsh
942 ## - ADDED ENTRY ELEMENTS (KOHA)
Source of classification or shelving scheme
Dewey Decimal Classification
Koha item type
Books
Suppress in OPAC
No
949 ## - LOCAL PROCESSING INFORMATION (OCLC)
a
SA-JeALM
d
250721
u
osman123
n
1
Holdings
Withdrawn status
Lost status
Source of classification or shelving scheme
Damaged status
Not for loan
Home library
Current library
Date acquired
Total checkouts
Full call number
Barcode
Date last seen
Price effective from
Koha item type
Dewey Decimal Classification
DR AbdElwahab Library
DR AbdElwahab Library
07/22/2025
729.1909531 ب ق م
000016528
07/22/2025
07/22/2025
Books
Place hold
Print
Add to your cart
(remove)
Save record
BIBTEX
Dublin Core
MARCXML
MARC (non-Unicode/MARC-8)
MARC (Unicode/UTF-8)
MARC (Unicode/UTF-8, Standard)
MODS (XML)
RIS
ISBD
More searches
Search for this title in:
Other Libraries (WorldCat)
Other Databases (Google Scholar)
Online Stores (Bookfinder.com)
Open Library (openlibrary.org)
Exporting to Dublin Core...
×
Simple DC-RDF
OAI-DC
SRW-DC